00762cam a22002291 4500001001300000003000400013005001700017008004100034010001700075035002000092040001800112050001900130100001600149245010700165260001000272300002400282440004600306440006500352546004900417700004900466999001700515sa 68020137 DLC20260227112722.0900220s1966 ii 000 0 sano  asa 68020137  a(OCoLC)21096068 aDLCcWaUdDLC00aPK3798.S59bV50 aŚivakavi.10aVivekacandrodayanāṭakam.bVivekacandrodaya-nataka.cCritically edited with introd. by K. V. Sarma. c1966. axvii, 40 p.c25 cm. 0aVishveshvaranand Indological series ;v37 0aVishveshvaranand Vedic Research Institute publication ;v397 aIn Sanskrit; introductory matter in English.1 aSarma, K. V.q(K. Venkateswara),d1919-2005. c89263d89263